[Event "Monarch Assurance Isle of Man 15th"]
[Site "Port Erin IOM"]
[Date "2006.09.24"]
[Round "2.13"]
[White "Landa, Konstantin"]
[Black "Palliser, Richard JD"]
[Result "1-0"]
[WhiteElo "2584"]
[BlackElo "2413"]
[PlyCount "69"]
[EventDate "2006.09.23"]
[EventType "swiss"]
[EventRounds "9"]
[EventCountry "IOM"]

1. Nf3 c5 2. c4 Nc6 3. Nc3 e5 4. g3 g6 5. Bg2 Bg7 6. O-O Nge7 7. Ne1 O-O 8. Nc2
a6 9. d3 Rb8 10. a4 d6 11. Ne3 Nb4 12. Bd2 b6 13. Ncd5 Nbxd5 14. cxd5 Bb7 15.
b4 Qd7 16. Qb3 Ba8 17. Rac1 Rfd8 18. b5 axb5 19. axb5 Bb7 20. Nc2 Ra8 21. e3
Qe8 22. Na3 Qd7 23. Nc4 Qc7 24. Bc3 f6 25. f4 Kh8 26. Rc2 Ng8 27. Rcf2 Nh6 28.
Qb2 Re8 29. Bh3 Bc8 30. Bg2 Re7 31. h3 Bd7 32. g4 Nf7 33. fxe5 Nxe5 34. Rxf6
Bxf6 35. Rxf6 1-0

[Event "Monarch Assurance Isle of Man 15th"]
[Site "Port Erin IOM"]
[Date "2006.09.24"]
[Round "2.14"]
[White "Vasilevich, Tatjana"]
[Black "Yakovich, Yuri"]
[Result "1/2-1/2"]
[WhiteElo "2412"]
[BlackElo "2583"]
[PlyCount "59"]
[EventDate "2006.09.23"]
[EventType "swiss"]
[EventRounds "9"]
[EventCountry "IOM"]

1. d4 Nf6 2. c4 e6 3. Nc3 Bb4 4. f3 O-O 5. a3 Bxc3+ 6. bxc3 Ne8 7. e4 b6 8. Bd3
Ba6 9. Nh3 Nc6 10. e5 Na5 11. Qc2 Qh4+ 12. Kd1 Bxc4 13. Bxc4 Nxc4 14. Qe2 d5
15. Bg5 Qh5 16. Be7 c5 17. Nf4 Qf5 18. Nd3 Nc7 19. Bxf8 Rxf8 20. a4 f6 21. Ke1
cxd4 22. cxd4 fxe5 23. Nxe5 Nxe5 24. Qxe5 Qc2 25. Kf1 Qd3+ 26. Kf2 Qd2+ 27. Kf1
Qd3+ 28. Kf2 Qd2+ 29. Kf1 Qd3+ 30. Kf2 1/2-1/2

[Event "Monarch Assurance Isle of Man 15th"]
[Site "Port Erin IOM"]
[Date "2006.09.24"]
[Round "2.15"]
[White "Sriram, Jha"]
[Black "Bartel, Mateusz"]
[Result "0-1"]
[WhiteElo "2408"]
[BlackElo "2561"]
[PlyCount "80"]
[EventDate "2006.09.23"]
[EventType "swiss"]
[EventRounds "9"]
[EventCountry "IOM"]

1. d4 f5 2. g3 g6 3. Bg2 Bg7 4. Nf3 Nf6 5. O-O O-O 6. b3 Ne4 7. c4 c6 8. Bb2 d5
9. Qc2 a5 10. a3 Be6 11. Nbd2 Nd7 12. Rac1 h6 13. cxd5 Bxd5 14. Nc4 Kh7 15. Nh4
a4 16. f3 axb3 17. Qb1 Ng5 18. e4 Bxc4 19. Rxc4 Nb6 20. Rb4 Na4 21. Nxg6 Kxg6
22. exf5+ Kf7 23. f4 Nh7 24. Qd3 Nxb2 25. Qxb3+ Ke8 26. Rxb7 Bxd4+ 27. Kh1 Rf7
28. Bxc6+ Kf8 29. Rd7 Qc8 30. Qe6 Ra6 31. Rc1 Bf6 32. Rc2 Kg7 33. Qd5 Rb6 34.
Rd8 Qa6 35. Qxf7+ Kxf7 36. Bd5+ e6 37. fxe6+ Rxe6 38. Bxe6+ Kxe6 39. Re8+ Kf7
40. Ree2 Qb6 0-1

[Event "Monarch Assurance Isle of Man 15th"]
[Site "Port Erin IOM"]
[Date "2006.09.24"]
[Round "2.16"]
[White "Stocek, Jiri"]
[Black "Ledger, Andrew J"]
[Result "1/2-1/2"]
[WhiteElo "2561"]
[BlackElo "2411"]
[PlyCount "260"]
[EventDate "2006.09.23"]
[EventType "swiss"]
[EventRounds "9"]
[EventCountry "IOM"]

1. d4 d5 2. c4 c6 3. Nc3 Nf6 4. e3 Bg4 5. f3 Bf5 6. g4 Bc8 7. Qc2 e6 8. Bd2
dxc4 9. Bxc4 a6 10. Nge2 c5 11. dxc5 Bxc5 12. Nf4 Nc6 13. g5 Nd7 14. Ne4 Qe7
15. Rc1 Bb4 16. a3 Bxd2+ 17. Qxd2 O-O 18. Rg1 Kh8 19. h4 Nb6 20. Ba2 Rd8 21.
Qe2 e5 22. Nh5 Be6 23. Bb1 Na5 24. Nd2 g6 25. Nf6 Nd5 26. b4 Nc6 27. Nde4 Bf5
28. Nxd5 Rxd5 29. Kf2 Rad8 30. Rgd1 Rxd1 31. Rxd1 Rxd1 32. Qxd1 Bxe4 33. Bxe4
h6 34. Qd5 hxg5 35. hxg5 Nd8 36. f4 exf4 37. exf4 b6 38. Qd4+ Kg8 39. Qxb6 Qxe4
40. Qxd8+ Kh7 41. Qf6 Kg8 42. Qe5 Qc4 43. Qe3 Kg7 44. Qd2 Qb3 45. Qc1 Kh7 46.
Ke2 Qe6+ 47. Kd3 Qd5+ 48. Kc3 Kg8 49. Qd2 Qc6+ 50. Kb3 Qe6+ 51. Kb2 Qc4 52. Qc1
Qe6 53. Qd2 Qc4 54. Qe3 Kh7 55. Qc1 Qd4+ 56. Kb3 Qd3+ 57. Qc3 Qd1+ 58. Kb2 Qd5
59. Qh3+ Kg7 60. Qc3+ Kh7 61. a4 Qe4 62. Qd2 Qc4 63. Ka3 Kg8 64. Qe3 Kh7 65.
Qd2 Kg8 66. Kb2 Kh7 67. a5 Kg8 68. Qd6 Kh7 69. Qd2 Kg8 70. Ka3 Kh7 71. Qf2 Qd3+
72. Kb2 Qc4 73. Qh2+ Kg8 74. Qd2 Kh7 75. Ka3 Kg8 76. Qe3 Kh7 77. f5 gxf5 78.
Qh3+ Kg7 79. Qxf5 Qc3+ 80. Ka4 Qc4 81. Qf6+ Kh7 82. Ka3 Kg8 83. Qd8+ Kg7 84.
Qd2 Kg6 85. Kb2 Qe6 86. Qf4 Kh5 87. Kc3 Qc6+ 88. Kd4 Qb7 89. Ke3 Qa7+ 90. Kf3
Qb7+ 91. Kg3 Kg6 92. Qf6+ Kh7 93. Qd6 Qb5 94. Kf4 Kg8 95. Qc5 Qd3 96. Ke5 Kg7
97. Qd4 Qb5+ 98. Kd6+ Kg8 99. Qc5 Qb8+ 100. Kc6 Kg7 101. Qd4+ Kh7 102. Qd6 Qb5+
103. Kc7 Qxg5 104. Kb7 Qb5+ 105. Qb6 Qc4 106. b5 axb5 107. a6 Qe4+ 108. Qc6
Qe7+ 109. Qc7 Qe4+ 110. Kb6 Qd4+ 111. Kxb5 {(and then something like...)} Qd5+
112. Qc5 Qb3+ 113. Kc6 Qa4+ 114. Kb6 Qb3+ 115. Kc7 Qg3+ 116. Kc8 Qh3+ 117. Kc7
Qg3+ 118. Qd6 Qc3+ 119. Kd8 Qa5+ 120. Ke7 f5 121. Kf6 Qa1+ 122. Kxf5 Qf1+ 123.
Ke6 Qc4+ 124. Kd7 Qa4+ 125. Kc8 Qa2 126. Qc7+ Kg8 127. a7 Qa6+ 128. Kd7 Qa4+
129. Ke6 Qg4+ 130. Ke7 Qg7+ {etc} 1/2-1/2

[Event "Monarch Assurance Isle of Man 15th"]
[Site "Port Erin IOM"]
[Date "2006.09.24"]
[Round "2.17"]
[White "Majer, Chris"]
[Black "Neverov, Valeriy"]
[Result "0-1"]
[WhiteElo "1991"]
[BlackElo "2556"]
[PlyCount "144"]
[EventDate "2006.09.23"]
[EventType "swiss"]
[EventRounds "9"]
[EventCountry "IOM"]

1. e4 c5 2. d4 cxd4 3. c3 Nf6 4. e5 Nd5 5. cxd4 e6 6. Nf3 b6 7. Nc3 Bb7 8. Bd3
d6 9. O-O Nd7 10. Re1 dxe5 11. Nxe5 Nxe5 12. Rxe5 Bd6 13. Qa4+ Kf8 14. Rh5 a6
15. Nxd5 Bxd5 16. Be3 f5 17. Qd1 g6 18. Bh6+ Kf7 19. Rh3 Qf6 20. Qd2 Qxd4 21.
Be3 Qa4 22. Bxb6 Qc6 23. Bd4 Bxg2 24. Qg5 Bxh3 25. Qf6+ Ke8 26. Qxh8+ Bf8 27.
Bf1 Bxf1 28. Rxf1 Qe4 29. Bc3 Qg4+ 30. Kh1 Qf3+ 31. Kg1 Rd8 32. Qf6 Qg4+ 33.
Kh1 Qf3+ 34. Kg1 Qg4+ 35. Kh1 Qe4+ 36. Kg1 Rd1 37. Rxd1 Qg4+ 38. Kf1 Qxd1+ 39.
Kg2 Qg4+ 40. Kf1 Qc4+ 41. Kg1 Qxa2 42. Qh8 Qb1+ 43. Kg2 Qe4+ 44. Kg1 Qg4+ 45.
Kh1 Qd1+ 46. Kg2 Qd7 47. Kg1 g5 48. Qf6 Qd1+ 49. Kg2 Qd5+ 50. Kg1 g4 51. Qg5
Qd7 52. Kg2 Qd5+ 53. Kg1 Bc5 54. Qg8+ Kd7 55. Qf7+ Kc6 56. Qe8+ Kb7 57. Qf7+
Kb6 58. Be1 h5 59. Qe8 Kb7 60. Qf7+ Kb6 61. Qe8 h4 62. Qb8+ Kc6 63. Qc8+ Kb5
64. Qe8+ Qc6 65. Qb8+ Bb6 66. Qe5+ Qd5 67. Qe2+ Qc4 68. Qe5+ Kc6 69. Qh8 h3 70.
Qe8+ Kb7 71. Qd7+ Bc7 72. Qd2 Qf4 0-1

[Event "Monarch Assurance Isle of Man 15th"]
[Site "Port Erin IOM"]
[Date "2006.09.24"]
[Round "2.18"]
[White "Wells, Peter K"]
[Black "Greenfeld, Alon"]
[Result "1/2-1/2"]
[WhiteElo "2480"]
[BlackElo "2551"]
[PlyCount "43"]
[EventDate "2006.09.23"]
[EventType "swiss"]
[EventRounds "9"]
[EventCountry "IOM"]

1. Nf3 Nf6 2. c4 c5 3. Nc3 Nc6 4. d4 cxd4 5. Nxd4 e6 6. g3 Qb6 7. Nb3 Ne5 8. e4
Bb4 9. Qe2 d6 10. f4 Nc6 11. Be3 Qc7 12. Bg2 Bxc3+ 13. bxc3 O-O 14. Rd1 b6 15.
e5 dxe5 16. fxe5 Ne8 17. Nd4 Bb7 18. Nb5 Qc8 19. Bc1 Nxe5 20. Ba3 Bxg2 21. Qxg2
Nf6 22. Bxf8 1/2-1/2

[Event "Monarch Assurance Isle of Man 15th"]
[Site "Port Erin IOM"]
[Date "2006.09.24"]
[Round "2.22"]
[White "Golod, Vitali"]
[Black "Meenakshi, S1."]
[Result "1-0"]
[WhiteElo "2576"]
[BlackElo "2310"]
[PlyCount "69"]
[EventDate "2006.09.23"]
[EventType "swiss"]
[EventRounds "9"]
[EventCountry "IOM"]

1. Nf3 d5 2. d4 Nf6 3. c4 c6 4. Nc3 g6 5. e3 Bg7 6. Be2 O-O 7. O-O b6 8. a4 Bf5
9. a5 Nbd7 10. cxd5 cxd5 11. a6 Nb8 12. Ne5 Nfd7 13. Bf3 Nxe5 14. dxe5 Nc6 15.
Bxd5 Rc8 16. e4 Bd7 17. f4 g5 18. Qh5 gxf4 19. Rxf4 e6 20. Rh4 Qxh4 21. Qxh4
exd5 22. Nxd5 Nxe5 23. Bh6 Ng6 24. Nf6+ Kh8 25. Qg5 Rc5 26. Bxg7+ Kxg7 27. Nh5+
Kg8 28. Qh6 Rxh5 29. Qxh5 Rc8 30. Qg5 Kg7 31. Rf1 Be6 32. Qf6+ Kh6 33. Rf4 Kh5
34. Rf5+ Kh6 35. h4 1-0

[Event "Monarch Assurance Isle of Man 15th"]
[Site "Port Erin IOM"]
[Date "2006.09.24"]
[Round "2.23"]
[White "Kiriakov, Petr"]
[Black "Walton, Alan J"]
[Result "1-0"]
[WhiteElo "2554"]
[BlackElo "2222"]
[PlyCount "69"]
[EventDate "2006.09.23"]
[EventType "swiss"]
[EventRounds "9"]
[EventCountry "IOM"]

1. d4 e6 2. c4 f5 3. g3 Nf6 4. Bg2 Be7 5. Nf3 O-O 6. O-O d6 7. b4 Ne4 8. Bb2
Qe8 9. Nc3 Nxc3 10. Bxc3 Bf6 11. Re1 d5 12. Qb3 c6 13. a4 Kh8 14. b5 Nd7 15. a5
g5 16. Rac1 g4 17. Nd2 Bg5 18. Bb4 Rf7 19. e3 Nf6 20. f4 Bh6 21. Bd6 Qd8 22.
Qb4 Ne8 23. Be5+ Kg8 24. a6 Qb6 25. c5 Qd8 26. Bf1 Nc7 27. axb7 Bxb7 28. bxc6
Bxc6 29. Nb3 Bg7 30. Na5 Qd7 31. Bxg7 Kxg7 32. Rb1 h5 33. Rb2 Ne8 34. Ba6 Nf6
35. Nxc6 1-0

[Event "Monarch Assurance Isle of Man 15th"]
[Site "Port Erin IOM"]
[Date "2006.09.24"]
[Round "2.24"]
[White "Kuzubov, Yuriy"]
[Black "Groffen, Hans"]
[Result "1-0"]
[WhiteElo "2554"]
[BlackElo "2171"]
[PlyCount "67"]
[EventDate "2006.09.23"]
[EventType "swiss"]
[EventRounds "9"]
[EventCountry "IOM"]

1. c4 Nf6 2. Nc3 e5 3. g3 Nc6 4. Bg2 g6 5. Nf3 Bg7 6. O-O O-O 7. d3 d6 8. Rb1
a5 9. a3 h6 10. b4 axb4 11. axb4 Be6 12. Nd2 Qc8 13. Nd5 Re8 14. b5 Ne7 15.
Nxf6+ Bxf6 16. b6 d5 17. bxc7 Qxc7 18. Qb3 dxc4 19. Nxc4 Bg7 20. Qxb7 Qxb7 21.
Rxb7 Rab8 22. Nd6 Rxb7 23. Nxe8 Bd5 24. Ba3 Bxg2 25. Kxg2 Nf5 26. Rc1 Rb8 27.
Nxg7 Kxg7 28. Rc5 Rb3 29. Bc1 Rb1 30. Bd2 Rb2 31. Bc3 Rxe2 32. Bxe5+ Kf8 33. g4
Nh4+ 34. Kf1 1-0

[Event "Monarch Assurance Isle of Man 15th"]
[Site "Port Erin IOM"]
[Date "2006.09.24"]
[Round "2.25"]
[White "Ormsby, Alan"]
[Black "Ferguson, Mark"]
[Result "0-1"]
[WhiteElo "1939"]
[BlackElo "2389"]
[PlyCount "94"]
[EventDate "2006.09.23"]
[EventType "swiss"]
[EventRounds "9"]
[EventCountry "IOM"]

1. e4 e5 2. Nf3 Nc6 3. Bb5 Nf6 4. d3 d6 5. c3 g6 6. Nbd2 Bg7 7. Nf1 O-O 8. Ng3
Qe7 9. O-O Nd8 10. Re1 a6 11. Ba4 b5 12. Bc2 c5 13. a4 Rb8 14. axb5 axb5 15. d4
exd4 16. cxd4 Bg4 17. dxc5 dxc5 18. h3 Bxf3 19. Qxf3 Ne6 20. Nf5 gxf5 21. exf5
Nd4 22. Rxe7 Nxf3+ 23. gxf3 c4 24. Raa7 Rbe8 25. Rxe8 Rxe8 26. Kf1 Rb8 27. Bf4
Rc8 28. Be5 Nd5 29. Bxg7 Kxg7 30. Be4 Rc5 31. Ke1 h5 32. Rd7 Nf4 33. h4 b4 34.
Rd6 f6 35. Rd7+ Kf8 36. Kd2 Ke8 37. Rb7 c3+ 38. bxc3 bxc3+ 39. Kc2 Ng2 40. Rb1
Nxh4 41. Rh1 Nxf5 42. Rxh5 Nd4+ 43. Kc1 f5 44. Bd3 c2 45. Rh8+ Ke7 46. Rb8 Rc3
47. Bf1 Ra3 0-1

[Event "Monarch Assurance Isle of Man 15th"]
[Site "Port Erin IOM"]
[Date "2006.09.24"]
[Round "2.26"]
[White "Sarakauskiene, Zivile"]
[Black "Siebrecht, Sebastian"]
[Result "0-1"]
[WhiteElo "2158"]
[BlackElo "2417"]
[PlyCount "78"]
[EventDate "2006.09.23"]
[EventType "swiss"]
[EventRounds "9"]
[EventCountry "IOM"]

1. e4 g6 2. d4 Bg7 3. Be2 c5 4. dxc5 Qa5+ 5. c3 Qxc5 6. Be3 Qc7 7. Qd2 d6 8.
Na3 Nf6 9. f3 a6 10. O-O-O b5 11. Kb1 Nc6 12. h4 Rb8 13. Nc2 a5 14. Nd4 b4 15.
Bb5 Bd7 16. Bxc6 Bxc6 17. cxb4 Qb7 18. bxa5 O-O 19. Nge2 Rfc8 20. Nc3 Bd7 21.
g4 Qb4 22. Nb3 Be6 23. Nd5 Qb7 24. Nb6 Bxb3 25. axb3 Rc6 26. Rc1 h5 27. g5 Nd7
28. Rxc6 Qxc6 29. Nxd7 Qxd7 30. b4 Qa4 31. Bb6 Qb3 32. Re1 Qxf3 33. Qe3 Qg2 34.
Qe2 Qg3 35. Bf2 Qb3 36. Bb6 Qxb4 37. Rc1 Be5 38. Rc2 Bg3 39. Rc4 Qb3 {[presume
loss on time?]} 0-1

[Event "Monarch Assurance Isle of Man 15th"]
[Site "Port Erin IOM"]
[Date "2006.09.24"]
[Round "2.27"]
[White "Roy Chowdhury, Saptarshi"]
[Black "Hutchinson, Norman A"]
[Result "1/2-1/2"]
[WhiteElo "2394"]
[BlackElo "2107"]
[PlyCount "23"]
[EventDate "2006.09.23"]
[EventType "swiss"]
[EventRounds "9"]
[EventCountry "IOM"]

1. e4 c6 2. d4 d5 3. f3 e6 4. Nc3 Qb6 5. Nge2 Nf6 6. Qd3 Be7 7. a4 Na6 8. a5
Qd8 9. e5 Nd7 10. Be3 Bb4 11. h4 Bxa5 12. Nf4 1/2-1/2

[Event "Monarch Assurance Isle of Man 15th"]
[Site "Port Erin IOM"]
[Date "2006.09.24"]
[Round "2.28"]
[White "Fox, Anthony"]
[Black "Kononenko, Tatiana"]
[Result "0-1"]
[WhiteElo "2117"]
[BlackElo "2387"]
[PlyCount "152"]
[EventDate "2006.09.23"]
[EventType "swiss"]
[EventRounds "9"]
[EventCountry "IOM"]

1. e4 e6 2. d3 d5 3. Nd2 Nf6 4. Ngf3 b6 5. c3 Be7 6. e5 Nfd7 7. d4 c5 8. Bb5
Ba6 9. a4 O-O 10. O-O Bxb5 11. axb5 a5 12. Re1 Re8 13. Nf1 Nf8 14. Ng3 Nbd7 15.
Bd2 Ng6 16. Nh5 Qc7 17. Qa4 Rac8 18. Rac1 Qb8 19. g3 Rc7 20. h4 Rec8 21. Qd1
cxd4 22. cxd4 Bb4 23. Rxc7 Qxc7 24. Bxb4 axb4 25. Qa4 Qc2 26. Qxc2 Rxc2 27. b3
Rb2 28. Re3 Ne7 29. Nf4 Nc8 30. Nd3 Rb1+ 31. Kg2 Rxb3 32. Nd2 Ra3 33. Nxb4 Rxe3
34. fxe3 Na7 35. Kf3 Nxb5 36. Ke2 h5 37. Kd3 f6 38. exf6 Nxf6 39. Nc6 Kf8 40.
e4 Nc7 41. e5 Ng4 42. Nb4 Nh6 43. Ke3 Nb5 44. Nf3 Nf5+ 45. Kf4 Nbxd4 46. Nxd4
Nxd4 47. Kg5 Ne2 48. g4 hxg4 49. Kxg4 Nd4 50. h5 Kf7 51. Kf4 Nf5 52. Nc6 g6 53.
hxg6+ Kxg6 54. Nd8 Ng7 55. Nc6 Kf7 56. Nd4 Ke7 57. Kg5 Nf5 58. Nc6+ Kd7 59. Nb4
Ne3 60. Kf4 Nc4 61. Nc2 b5 62. Nb4 Na5 63. Nd3 Nc6 64. Nc5+ Ke7 65. Nb3 b4 66.
Nc5 Na5 67. Ke3 b3 68. Na4 Nc4+ 69. Kd3 Nxe5+ 70. Kc3 Kd6 71. Kxb3 Nc6 72. Kc3
e5 73. Kd2 e4 74. Ke3 Ke5 75. Nc5 d4+ 76. Ke2 Nb4 0-1

[Event "Monarch Assurance Isle of Man 15th"]
[Site "Port Erin IOM"]
[Date "2006.09.24"]
[Round "2.29"]
[White "Savory, Richard J"]
[Black "Zimmerman, Yuri"]
[Result "1/2-1/2"]
[WhiteElo "2101"]
[BlackElo "2374"]
[PlyCount "57"]
[EventDate "2006.09.23"]
[EventType "swiss"]
[EventRounds "9"]
[EventCountry "IOM"]

1. e4 d6 2. d4 Nf6 3. Nc3 g6 4. Be3 c6 5. h3 Nbd7 6. f4 b5 7. a3 Bb7 8. e5 Nd5
9. Nxd5 cxd5 10. Qd2 a6 11. Bd3 dxe5 12. fxe5 f6 13. Nf3 Bg7 14. O-O O-O 15.
Bh6 fxe5 16. Bxg7 Kxg7 17. Nxe5 Nxe5 18. Rxf8 Kxf8 19. dxe5 Qb6+ 20. Kh1 Kg7
21. Qg5 Qe6 22. Rf1 Rf8 23. Rxf8 Kxf8 24. Qf4+ Kg7 25. Qd4 Kg8 26. Be2 Qc6 27.
c3 Bc8 28. Bf3 Be6 29. Kg1 1/2-1/2

[Event "Monarch Assurance Isle of Man 15th"]
[Site "Port Erin IOM"]
[Date "2006.09.24"]
[Round "2.30"]
[White "Peek, Marcel"]
[Black "Henrichsen, Jens"]
[Result "1-0"]
[WhiteElo "2367"]
[BlackElo "2106"]
[PlyCount "95"]
[EventDate "2006.09.23"]
[EventType "swiss"]
[EventRounds "9"]
[EventCountry "IOM"]

1. d4 Nf6 2. c4 e6 3. Nc3 Bb4 4. e3 c5 5. Nge2 cxd4 6. exd4 O-O 7. a3 Be7 8. d5
exd5 9. cxd5 Re8 10. d6 Bf8 11. g3 b6 12. Bg2 Nc6 13. O-O Ba6 14. a4 Rc8 15.
Nb5 Bxd6 16. Nxd6 Bxe2 17. Qb3 Re6 18. Nxc8 Bxf1 19. Kxf1 Qxc8 20. Bf4 Nd4 21.
Qd3 Nc6 22. Rc1 Qe8 23. Rd1 Nb4 24. Qc4 Nc6 25. b4 d5 26. Qb3 h6 27. b5 Nd4 28.
Qd3 Ne2 29. Be3 d4 30. Bxd4 Nxd4 31. Qxd4 Ne4 32. Qb4 Nc5 33. Bc6 Qe7 34. Kg2
g5 35. Qd4 h5 36. Qd8+ Kg7 37. Qb8 g4 38. Rd8 Rxc6 39. Rg8+ Kh7 40. Rh8+ Kg6
41. Qg8+ Kf6 42. Rh6+ Ke5 43. bxc6 Kd4 44. Qg7+ Kc4 45. Qh7 Nd3 46. c7 Qc5 47.
Qe4+ Kc3 48. Rc6 1-0

[Event "Monarch Assurance Isle of Man 15th"]
[Site "Port Erin IOM"]
[Date "2006.09.24"]
[Round "2.31"]
[White "Sahl, Bjarke"]
[Black "Lunn, Timothy"]
[Result "1-0"]
[WhiteElo "2364"]
[BlackElo "2079"]
[PlyCount "49"]
[EventDate "2006.09.23"]
[EventType "swiss"]
[EventRounds "9"]
[EventCountry "IOM"]

1. e4 c5 2. Nf3 Nc6 3. d4 cxd4 4. Nxd4 Nf6 5. Nc3 e5 6. Nxc6 bxc6 7. f4 Bb4 8.
fxe5 Nxe4 9. Qd4 Nxc3 10. bxc3 Be7 11. Bc4 O-O 12. Bf4 d5 13. exd6 Bf6 14. Qd3
Re8+ 15. Kf2 Bg5 16. Bxg5 Qxg5 17. Rhe1 Qc5+ 18. Qd4 Qxd4+ 19. cxd4 Be6 20.
Bxe6 fxe6 21. c4 Rab8 22. Rab1 Kf7 23. Kf3 a5 24. Ke4 Rb4 25. Rf1+ 1-0

[Event "Monarch Assurance Isle of Man 15th"]
[Site "Port Erin IOM"]
[Date "2006.09.24"]
[Round "2.32"]
[White "Fairbairn, Stephen"]
[Black "Dworakowska, Joanna"]
[Result "0-1"]
[WhiteElo "2088"]
[BlackElo "2359"]
[PlyCount "72"]
[EventDate "2006.09.23"]
[EventType "swiss"]
[EventRounds "9"]
[EventCountry "IOM"]

1. c4 e6 2. Nc3 d5 3. d4 c6 4. cxd5 exd5 5. Nf3 Bd6 6. Bg5 Ne7 7. e3 f6 8. Bh4
Nd7 9. Bd3 Nf8 10. Bg3 Bf5 11. Bxd6 Qxd6 12. O-O Bxd3 13. Qxd3 Ne6 14. Rab1 O-O
15. b4 Rac8 16. Na4 Rc7 17. Rfc1 b6 18. a3 Qd7 19. Nc3 Nd8 20. b5 Nf7 21. Rd1
Nd6 22. a4 Rfc8 23. Kf1 cxb5 24. Nxb5 Rc4 25. Nxd6 Qxd6 26. Ra1 Qc6 27. Qb3 Rc3
28. Qb4 Nf5 29. Rdb1 Nd6 30. Nd2 a5 31. Qxb6 Rc1+ 32. Ke2 Qxb6 33. Rxb6 Rxa1
34. Rxd6 Ra2 35. Kd3 Ra3+ 36. Ke2 Rc2 0-1

[Event "Monarch Assurance Isle of Man 15th"]
[Site "Port Erin IOM"]
[Date "2006.09.24"]
[Round "2.33"]
[White "Zozulia, Anna"]
[Black "Spanton, Tim"]
[Result "1-0"]
[WhiteElo "2352"]
[BlackElo "2075"]
[PlyCount "65"]
[EventDate "2006.09.23"]
[EventType "swiss"]
[EventRounds "9"]
[EventCountry "IOM"]

1. e4 e5 2. Nf3 Nc6 3. Bb5 Nf6 4. O-O Nxe4 5. d4 a6 6. Bxc6 dxc6 7. Re1 Nf6 8.
Rxe5+ Be7 9. Qe1 h6 10. Nh4 Ng4 11. Re4 g5 12. Nf3 Nf6 13. Re2 Be6 14. Ne5 Ng4
15. Ng6 Qd6 16. g3 O-O-O 17. Nxh8 Rxh8 18. Nc3 Qxd4 19. Be3 Qf6 20. Ne4 Qf3 21.
Nd2 Qf5 22. h3 Nxe3 23. Rxe3 Qxh3 24. Nf3 g4 25. Nh2 Bc5 26. Rxe6 Bxf2+ 27.
Qxf2 fxe6 28. Rd1 Rd8 29. Rxd8+ Kxd8 30. Qf6+ Kd7 31. Qg7+ Kd6 32. Qxg4 Qxg4
33. Nxg4 1-0

[Event "Monarch Assurance Isle of Man 15th"]
[Site "Port Erin IOM"]
[Date "2006.09.24"]
[Round "2.34"]
[White "Fraser-Mitchell, Jeremy"]
[Black "Mannion, Stephen"]
[Result "1/2-1/2"]
[WhiteElo "2077"]
[BlackElo "2346"]
[PlyCount "76"]
[EventDate "2006.09.23"]
[EventType "swiss"]
[EventRounds "9"]
[EventCountry "IOM"]

1. d4 Nf6 2. c4 c5 3. d5 b5 4. cxb5 a6 5. Nc3 axb5 6. e4 b4 7. Nb5 d6 8. Bc4
Nbd7 9. Nf3 Nb6 10. Bd3 g6 11. b3 Bg7 12. Bb2 O-O 13. O-O Ba6 14. Re1 Qd7 15.
a4 bxa3 16. Nxa3 Bxd3 17. Qxd3 Rfb8 18. Nd2 Ra7 19. Bc3 Rba8 20. Nac4 Qb5 21.
Rxa7 Rxa7 22. Ra1 Rxa1+ 23. Bxa1 Qa6 24. Bc3 h5 25. h3 Nxc4 26. Qxc4 Qa3 27.
Kh2 Qc1 28. Bxf6 Qxd2 29. Bxg7 Kxg7 30. f3 Kf6 31. Qb5 Ke5 32. Qe8 Qf4+ 33. Kg1
Kf6 34. Qh8+ Kg5 35. Qc3 h4 36. Qe1 e6 37. dxe6 fxe6 38. Qc3 e5 1/2-1/2

[Event "Monarch Assurance Isle of Man 15th"]
[Site "Port Erin IOM"]
[Date "2006.09.24"]
[Round "2.35"]
[White "Quillan, Gary"]
[Black "Cafolla, Peter"]
[Result "1-0"]
[WhiteElo "2344"]
[BlackElo "2062"]
[PlyCount "67"]
[EventDate "2006.09.23"]
[EventType "swiss"]
[EventRounds "9"]
[EventCountry "IOM"]

1. e4 c5 2. Nf3 Nc6 3. Bb5 Nd4 4. Nxd4 cxd4 5. O-O e6 6. d3 a6 7. Ba4 b5 8. Bb3
g6 9. f4 Ne7 10. Qe1 Bb7 11. Nd2 f5 12. e5 Nc6 13. Nf3 Bc5 14. Bd2 a5 15. a4 b4
16. Kh1 Qb6 17. Qh4 Be7 18. Qg3 O-O-O 19. Bc4 Rdg8 20. c3 dxc3 21. bxc3 h6 22.
d4 g5 23. d5 gxf4 24. Qe1 exd5 25. Bxd5 Rg4 26. e6 d6 27. cxb4 Rhg8 28. Rc1
axb4 29. Bxb4 Kb8 30. Bxc6 Bxc6 31. Bxd6+ Ka8 32. Rxc6 Qxc6 33. Qa5+ Kb7 34.
Rb1+ 1-0

[Event "Monarch Assurance Isle of Man 15th"]
[Site "Port Erin IOM"]
[Date "2006.09.24"]
[Round "2.37"]
[White "Szieberth, Adam"]
[Black "De Lagontrie, Jean"]
[Result "1-0"]
[WhiteElo "2328"]
[BlackElo "1974"]
[PlyCount "109"]
[EventDate "2006.09.23"]
[EventType "swiss"]
[EventRounds "9"]
[EventCountry "IOM"]

1. e4 c5 2. Nf3 Nc6 3. d4 cxd4 4. Nxd4 Nf6 5. Nc3 e5 6. Ndb5 d6 7. Nd5 Nxd5 8.
exd5 Nb8 9. c4 Be7 10. Be2 a6 11. Nc3 O-O 12. O-O f5 13. f4 Bf6 14. Kh1 Nd7 15.
Qc2 g6 16. Rb1 b6 17. Be3 exf4 18. Bxf4 Be5 19. b4 Re8 20. Bd3 Bxf4 21. Rxf4
Ne5 22. Be2 Qc7 23. Qd2 Bd7 24. Rc1 Rec8 25. Nd1 Qa7 26. Rh4 Be8 27. Qg5 Qg7
28. Rh3 Bf7 29. Rhc3 Re8 30. Ne3 Nd7 31. Qf4 Qe5 32. Qxe5 Rxe5 33. Bf1 Rae8 34.
Nc2 Nf6 35. Kg1 a5 36. bxa5 bxa5 37. Ra3 Ra8 38. Nd4 Be8 39. Rb1 Ne4 40. Rb7 a4
41. Nf3 Nc5 42. Rc7 Na6 43. Rb7 Nc5 44. Rb6 Re7 45. Rxd6 Rb8 46. h4 Rb1 47. Rd8
Kf8 48. Rc8 Ne4 49. c5 Rd1 50. d6 Nxd6 51. cxd6 Rxd6 52. Bb5 Rde6 53. Rxa4 Kg7
54. Rxe8 Rxe8 55. Bxe8 1-0

[Event "Monarch Assurance Isle of Man 15th"]
[Site "Port Erin IOM"]
[Date "2006.09.24"]
[Round "2.38"]
[White "Henderikse, Bert"]
[Black "Mohota, Nisha"]
[Result "0-1"]
[WhiteElo "2019"]
[BlackElo "2313"]
[PlyCount "48"]
[EventDate "2006.09.23"]
[EventType "swiss"]
[EventRounds "9"]
[EventCountry "IOM"]

1. d4 d5 2. Nf3 Nf6 3. c4 e6 4. Nc3 Be7 5. Bg5 O-O 6. e3 h6 7. Bh4 b6 8. Rc1
Bb7 9. Bxf6 Bxf6 10. cxd5 exd5 11. Bd3 Re8 12. O-O c6 13. Bb1 Nd7 14. Qc2 g6
15. e4 Nf8 16. e5 Bg7 17. Rfd1 Ne6 18. Qd2 Rc8 19. h4 h5 20. b4 Bf8 21. a3 c5
22. bxc5 bxc5 23. dxc5 Bxc5 24. Nxd5 Bxd5 0-1

[Event "Monarch Assurance Isle of Man 15th"]
[Site "Port Erin IOM"]
[Date "2006.09.24"]
[Round "2.39"]
[White "Eggleston, David J"]
[Black "Nicholson, John"]
[Result "1-0"]
[WhiteElo "2232"]
[BlackElo "1945"]
[PlyCount "51"]
[EventDate "2006.09.23"]
[EventType "swiss"]
[EventRounds "9"]
[EventCountry "IOM"]

1. e4 c5 2. Nf3 e6 3. d4 cxd4 4. Nxd4 a6 5. Nc3 Qc7 6. g3 Nc6 7. Bg2 Nf6 8. O-O
h5 9. Nxc6 bxc6 10. Re1 h4 11. e5 hxg3 12. hxg3 Nd5 13. Na4 Bb7 14. c4 Nb6 15.
Nxb6 Qxb6 {(=)} 16. Re3 Bc5 17. Rb3 Qc7 18. Bg5 O-O 19. Bf4 Rab8 20. Qh5 d6 21.
Be4 g6 22. exd6 Bxd6 23. Bxd6 Qxd6 24. Bxg6 fxg6 25. Qxg6+ Kh8 26. g4 1-0

[Event "Monarch Assurance Isle of Man 15th"]
[Site "Port Erin IOM"]
[Date "2006.09.24"]
[Round "2.40"]
[White "Spence, David J"]
[Black "Marks, Ian A"]
[Result "1-0"]
[WhiteElo "2205"]
[BlackElo "1944"]
[PlyCount "84"]
[EventDate "2006.09.23"]
[EventType "swiss"]
[EventRounds "9"]
[EventCountry "IOM"]

1. e4 d5 2. exd5 Qxd5 3. Nc3 Qa5 4. d4 Nf6 5. Nf3 c6 6. Bc4 Bf5 7. Bd2 e6 8.
Nd5 Qd8 9. Nxf6+ gxf6 10. Bf4 Bd6 11. Bg3 Qc7 12. Qe2 Nd7 13. Nh4 Bg6 14. Bxe6
Bxg3 15. hxg3 O-O-O 16. Bxd7+ Kxd7 17. O-O-O Qa5 18. Qc4 Qg5+ 19. Kb1 Qd5 20.
Qxd5+ cxd5 21. Kc1 Rde8 22. Rde1 Re4 23. Rxe4 Bxe4 24. Kd2 Rc8 25. c3 b5 26. a3
a5 27. Rc1 Kd6 28. Nf3 Ke6 29. Ne1 Rg8 30. Nd3 Kf5 31. Nf4 Rg5 32. Rh1 h5 33.
Rh4 a4 34. Kc1 Rg4 35. Rxh5+ Rg5 36. Rh8 Rg7 37. Rh4 Rg4 38. Rxg4 Kxg4 39. f3+
Kxg3 40. fxe4 dxe4 41. d5 Kxf4 42. d6 Ke3 1-0